| 000 | 00595nam a2200253Ia 4500 | ||
|---|---|---|---|
| 005 | 20251020182513.0 | ||
| 008 | 200515s9999 xx 000 0 und d | ||
| 020 | _a968-6635-343-3 | ||
| 082 | _a658.011/G66 | ||
| 100 | _aCox, Jeff | ||
| 100 | _aGoldratt, Eliyahu M. | ||
| 245 | 0 | _aLa meta: un proceso de mejora continua | |
| 250 | _a2a ed. | ||
| 260 | _aMéxico, D.F. | ||
| 260 | _bEdiciones Castillo | ||
| 260 | _c1998 | ||
| 300 | _a408 p. | ||
| 500 | _a1 ejemplar | ||
| 650 | _aCIENCIA | ||
| 650 | _aHIPOTESIS | ||
| 650 | _aMEJORA CONTINUA | ||
| 942 | _cLIB | ||
| 999 |
_c1510 _d1510 |
||